000 01046nam a2200289 a 4500
003 DO-SdBNP
005 20220119131211.0
007 ta
008 220119e2019 dr a|||gr|||| 001 0dspa d
020 _a9789945091557
040 _aDO-SdBNP
_bspa
_cBNPHU
082 4 _222
_bG934D
100 1 _aGuerrero, Sherwin J.
_980973
245 1 0 _aDios, Yo y dos tazas de Chocolate /
_cSherwin J. Guerrero y John Feliciano; Prólogo, Riqui Gell
260 _a[Santo Domingo] :
_bBúho,
_c2019
300 _a151 p. :
_bil. ;
_c20 cm.
500 _aIncluye datos biográficos de los autores en la contraportada.
590 _aInventariado 2022 / MF
650 4 _92093
_aVida Cristiana
_vEnsayos, Conferencia, etc.
_zRepública Dominicana
650 0 _9271
_aVida Espiritual
_xFe
650 0 _915865
_aMeditaciones Dios y Hombre
_xCristianismo
650 0 _93783
_aLiteratura Cristiana
_xMeditaciones
_zRepública Dominicana
700 _975212
_aGell, Riqui,
_epról.
710 _aDiez Veces Mas Group,
_eed.
_980974
910 _aMFéliz
942 _2ddc
_cLBS1
999 _c51196
_d51196